Normal view
MARC view
- Piovani, Juan Ignacio
Entry Nombre Personal
001 - NUMERO DE CONTROL
- campo de control: 48624
003 - IDENTIFICADOR DE NUMERO DE CONTROL
- campo de control: DLC
005 - FECHA Y HORA DE LA ÜLTIMA TRANSACCIÓN
- campo de control: 20230330171600.0
008 - DATOS DE LONGITUD FIJA
- campo de control de longitud fija: 070102nn acznnaabn |n aaa |
010 ## - NÚMERO DE CONTROL DE LA BIBLIOTECA DEL CONGRESO
- Número de control LC: no2007002925
035 ## - NUMERO DE CONTROL
- Número de control: (OCoLC)oca07293939
035 ## - NUMERO DE CONTROL
- Número de control: (CaEvSKY)skya8015024
040 ## - FUENTE DE CATALOGACIÓN
- Agencia original de catalogación: ItFiC
- Lenguaje de catalogación: spa
- Description conventions: rda
- Agencia de transcripción: ItFiC
- Agencia que lo modifica: MX-SlUA
- Agencia que lo modifica: MX-MxUPN
100 1# - ENCABEZAMIENTO - NOMBRE PERSONAL
- Nombre personal: Piovani, Juan Ignacio
373 ## - GRUPO ASOCIADO
- Associated group: Universidad Nacional de La Plata. Facultad de Humanidades y Ciencias de la Educación
374 ## - OCUPACIÓN
- Occupation: Maestros universitarios
- Fuente del término: bgtq
377 ## - LENGUA ASOCIADA
- Language code: ita
670 ## - FUENTE EN LA QUE SE LOCALIZARON DATOS
- Cita de la fuente: Alle origini della statistica moderna, c2006:
- Información localizada: portada (Juan Ignacio Piovani)
670 ## - FUENTE EN LA QUE SE LOCALIZARON DATOS
- Cita de la fuente: ¿Condenados a la reflexividad?, 2018 :
- Información localizada: portada (Juan Ignacio Piovani) página 287 (Magister en Métodos avanzados de investigación social y Estadística por City, Universidad de Londres y Doctor en Metodología de las Ciencias Sociales por la Universidad de Roma. Investigador Principal del CONICET con lugar del trabajo en el CIMeCS – IdIHCS, UNLP-CONICET y Profesor titular de Metodología de la Investigación, Facultad de Humanidades y Ciencias de la Educación, UNLP)
902 ## - CATALOGADOR
- Catalogador: VíctorGodínez/300323
